[Event "M.Chigorin Memorial 2017 "]
[Site "?????-?????????"]
[Date "2017.10.29"]
[Round "9"]
[Board "9"]
[White "Batchuluun, Tsegmed"]
[Black "Usmanov, Vasily"]
[Result "1/2-1/2"]
[WhiteElo "2571"]
[BlackElo "2463"]
[PlyCount "119"]
[EventDate "2017.10.21"]
[EventRounds "9"]
[EventCountry "RUS"]

1. d4 Nf6 2. c4 e6 3. Nc3 d5 4. cxd5 exd5 5. Bg5 c6 6. e3 Bf5 7. Qf3 Bg6 8.
Bxf6 Qxf6 9. Qxf6 gxf6 10. Nf3 Nd7 11. Nh4 Be7 12. Ne2 f5 13. g3 Bxh4 14. gxh4
Nf6 15. Rg1 Ke7 16. Nf4 Nh5 17. Be2 Nxf4 18. exf4 h5 19. Rg3 Kd6 20. Kd2 Rae8
21. Bd3 a5 22. Re3 Rxe3 23. fxe3 b5 24. Rc1 f6 25. Rg1 Rh6 26. Ke2 Kc7 27. Kf2
Kb6 28. Be2 Kc7 29. Rg3 Kd6 30. Bd3 Kc7 31. Kg2 Kd6 32. Kh3 Kc7 33. Rg1 Kb6 34.
a3 Kc7 35. Be2 Kb6 36. Rg3 Kc7 37. Kg2 Kd6 38. Kf2 Kc7 39. Rg1 Kb6 40. h3 Kc7
41. Bf3 Kd6 42. Rc1 Rh8 43. Rc5 Ra8 44. Be2 Bf7 45. Bd3 Bg6 46. Ke2 Ra7 47. Kd2
Ra8 48. Rc1 Rh8 49. Ke2 Rh7 50. Kf2 Rh8 51. b3 Rh7 52. Be2 Rh8 53. a4 b4 54.
Ba6 Kc7 55. Bb5 Be8 56. Be2 Bg6 57. Bf3 Kd6 58. Rg1 Rh6 59. Rc1 Rh8 60. Rg1
 1/2-1/2

[Event "M.Chigorin Memorial 2017 "]
[Site "?????-?????????"]
[Date "2017.10.29"]
[Round "9"]
[Board "10"]
[White "Zakhartsov, Vladimir"]
[Black "Vorobiov, Evgeny E."]
[Result "1/2-1/2"]
[WhiteElo "2461"]
[BlackElo "2555"]
[PlyCount "73"]
[EventDate "2017.10.21"]
[EventRounds "9"]
[EventCountry "RUS"]

1. c4 c5 2. Nf3 g6 3. d4 cxd4 4. Nxd4 Bg7 5. e4 Nc6 6. Be3 Nf6 7. Nc3 O-O 8.
Be2 d6 9. O-O Bd7 10. Qd2 Nxd4 11. Bxd4 Bc6 12. f3 a5 13. b3 Nd7 14. Be3 Nc5
15. Rab1 e6 16. Rfd1 Be5 17. Qe1 Qe7 18. Nb5 b6 19. f4 Bg7 20. Nxd6 e5 21. Qf2
Rfd8 22. Bxc5 bxc5 23. Qxc5 Rac8 24. b4 axb4 25. Qxb4 Rb8 26. Qxb8 Rxb8 27.
Rxb8+ Bf8 28. Rc8 Qa7+ 29. Kf1 Ba4 30. Rb1 Qe3 31. fxe5 Bc2 32. Re1 Qf4+ 33.
Bf3 Qd2 34. Be2 Qf4+ 35. Bf3 Qd2 36. Be2 Qf4+ 37. Bf3  1/2-1/2

[Event "M.Chigorin Memorial 2017 "]
[Site "?????-?????????"]
[Date "2017.10.29"]
[Round "9"]
[Board "11"]
[White "Timofeev, Artyom"]
[Black "Yakubboev, Nodirbek"]
[Result "1-0"]
[WhiteElo "2549"]
[BlackElo "2437"]
[PlyCount "65"]
[EventDate "2017.10.21"]
[EventRounds "9"]
[EventCountry "RUS"]

1. e4 e5 2. Nf3 Nc6 3. Bb5 a6 4. Ba4 d6 5. Bxc6+ bxc6 6. d4 f6 7. Nc3 g6 8. Qd3
Bg7 9. Be3 Nh6 10. Qc4 Qd7 11. O-O-O Nf7 12. h4 h6 13. h5 g5 14. Ne2 d5 15. Qc5
Bb7 16. Nc3 Bf8 17. Qa5 O-O-O 18. dxe5 Nxe5 19. Nxe5 fxe5 20. Bc5 Qg4 21. Na4
Qxe4 22. Rh3 d4 23. Rb3 Rd5 24. Qb4 Rxc5 25. Nxc5 Bxc5 26. Qxc5 Rd8 27. Rf3 Qd5
28. Qxd5 Rxd5 29. Re1 c5 30. Rf6 Rd6 31. Rf8+ Kd7 32. Rxe5 Bxg2 33. Rxc5  1-0

[Event "M.Chigorin Memorial 2017 "]
[Site "?????-?????????"]
[Date "2017.10.29"]
[Round "9"]
[Board "12"]
[White "Liu, Yan"]
[Black "Steinberg, Nitzan"]
[Result "1-0"]
[WhiteElo "2422"]
[BlackElo "2524"]
[PlyCount "93"]
[EventDate "2017.10.21"]
[EventRounds "9"]
[EventCountry "RUS"]

1. d4 d5 2. c4 c6 3. Nf3 Nf6 4. e3 e6 5. Bd3 dxc4 6. Bxc4 Nbd7 7. O-O Bd6 8.
Qe2 O-O 9. Nbd2 e5 10. dxe5 Nxe5 11. Nxe5 Bxe5 12. h3 Bc7 13. Nf3 Ne4 14. b3
Qf6 15. Bb2 Qg6 16. Be5 Bxe5 17. Nxe5 Qf6 18. Nf3 Bf5 19. Nd4 Bg6 20. b4 Rfe8
21. Rfc1 Rad8 22. Qf3 Qg5 23. a3 Bh5 24. Qf5 Qh6 25. Re1 Rd6 26. f3 Bg6 27. Qg4
Nf6 28. Qg3 Rd7 29. Qf2 Rde7 30. e4 Qf4 31. Bf1 Qb8 32. Rad1 h5 33. Nb3 Nd7 34.
Re2 Nf8 35. Red2 Kh7 36. Qh4 Qe5 37. f4 Qc3 38. Rd3 Qb2 39. f5 Rxe4 40. fxg6+
fxg6 41. Qf2 Qxf2+ 42. Kxf2 R8e7 43. Nc5 R4e5 44. Rf3 Rf5 45. Rd8 Rxf3+ 46.
gxf3 Rf7 47. Ne4  1-0

[Event "M.Chigorin Memorial 2017 "]
[Site "?????-?????????"]
[Date "2017.10.29"]
[Round "9"]
[Board "13"]
[White "Triapishko, Alexandr"]
[Black "Gaifullin, Artur"]
[Result "1-0"]
[WhiteElo "2508"]
[BlackElo "2414"]
[PlyCount "125"]
[EventDate "2017.10.21"]
[EventRounds "9"]
[EventCountry "RUS"]

1. d4 g6 2. g3 Bg7 3. Bg2 d6 4. e4 Nc6 5. Ne2 e5 6. dxe5 Nxe5 7. f4 Nd7 8. O-O
Ngf6 9. Nbc3 O-O 10. h3 Re8 11. Be3 Nf8 12. Qd3 N6d7 13. Bd4 Bh6 14. Rad1 Ne6
15. Bf2 a5 16. Qf3 Bg7 17. h4 Nef8 18. g4 Rb8 19. g5 b6 20. Bd4 Ne6 21. Bxg7
Nxg7 22. Ng3 Bb7 23. Rfe1 f5 24. Nd5 Bxd5 25. exd5 Nc5 26. a3 Qd7 27. b4 axb4
28. axb4 Ne4 29. Nxe4 fxe4 30. Qh3 Qxh3 31. Bxh3 e3 32. Rd3 Re4 33. Rdxe3 Rxf4
34. Re4 Rbf8 35. Be6+ Kh8 36. Bg4 Kg8 37. c3 R4f7 38. Be6 Nxe6 39. dxe6 Re7 40.
Rf1 Rfe8 41. Rf6 c5 42. b5 Kg7 43. Kf2 h6 44. h5 gxh5 45. Rxh6 Rf8+ 46. Kg3 Rf5
47. Rxh5 d5 48. Kg4 Rf1 49. Re2 d4 50. cxd4 cxd4 51. Rh3 Rg1+ 52. Kf5 Rd1 53.
g6 d3 54. Rh7+ Kg8 55. Reh2 Rf1+ 56. Kg5 Rxh7 57. gxh7+ Kh8 58. e7 Re1 59. Kf6
d2 60. Rxd2 Kxh7 61. Kf7 Rf1+ 62. Ke6 Re1+ 63. Kd7  1-0

[Event "M.Chigorin Memorial 2017 "]
[Site "?????-?????????"]
[Date "2017.10.29"]
[Round "9"]
[Board "14"]
[White "Mkrtchyan, Sargis R."]
[Black "Mikaelyan, Arman"]
[Result "0-1"]
[WhiteElo "2145"]
[BlackElo "2503"]
[PlyCount "110"]
[EventDate "2017.10.21"]
[EventRounds "9"]
[EventCountry "RUS"]

1. d4 Nf6 2. Nf3 g6 3. g3 Bg7 4. Bg2 O-O 5. O-O d6 6. b3 a5 7. Nc3 c6 8. a4 Na6
9. e4 Nb4 10. h3 c5 11. Be3 d5 12. e5 Ne4 13. Nb5 cxd4 14. Bxd4 Bd7 15. Re1 Qc8
16. c4 Bxb5 17. axb5 e6 18. Qe2 Nc5 19. Rab1 dxc4 20. bxc4 Rd8 21. Red1 Qc7 22.
Rd2 Rac8 23. Bf1 Bh6 24. Be3 Rxd2 25. Bxd2 Bxd2 26. Qxd2 Qd8 27. Qe3 Kg7 28. h4
h6 29. Be2 Qb6 30. Kg2 Na4 31. Qa3 Nc5 32. Qe3 Nd7 33. Qd2 Qc7 34. Qe3 Qc5 35.
Qa3 b6 36. Qb2 Qc7 37. Rd1 Qb7 38. h5 g5 39. Kg1 Nc5 40. Rd4 Qe7 41. Nh2 Rd8
42. Rd6 Rxd6 43. exd6+ Qf6 44. Qxf6+ Kxf6 45. Ng4+ Kg7 46. Ne5 Kf8 47. Bd1 Ke8
48. Nc6 f6 49. Nb8 a4 50. d7+ Kd8 51. Na6 Nbd3 52. Bc2 a3 53. Bb1 Kxd7 54. Kf1
Nxa6 55. bxa6 Kc7  0-1

[Event "M.Chigorin Memorial 2017 "]
[Site "?????-?????????"]
[Date "2017.10.29"]
[Round "9"]
[Board "15"]
[White "Volkov, Sergey"]
[Black "Khanin, Semen"]
[Result "1-0"]
[WhiteElo "2638"]
[BlackElo "2450"]
[PlyCount "117"]
[EventDate "2017.10.21"]
[EventRounds "9"]
[EventCountry "RUS"]

1. d4 Nf6 2. c4 e6 3. Nf3 b6 4. g3 Ba6 5. Qa4 c5 6. Bg2 Bb7 7. O-O cxd4 8. Nxd4
Bxg2 9. Kxg2 Qc8 10. Rd1 Be7 11. Nc3 O-O 12. e4 d6 13. f3 a6 14. Be3 Qb7 15.
Qc2 Nbd7 16. Qe2 Rac8 17. Rac1 Rfe8 18. Bf2 Bf8 19. Nc2 Rc7 20. Ne3 Rec8 21. a4
Nc5 22. Qc2 Ncd7 23. b3 h6 24. g4 Ne5 25. h4 g5 26. h5 Rc6 27. Rd2 Bg7 28. Qd1
Ne8 29. Bg3 Nd7 30. Ne2 Ne5 31. Nd4 R6c7 32. Qe2 Nc6 33. Nec2 Ne5 34. Rcd1 Rc5
35. Nb4 R5c7 36. Ndc2 Rc5 37. Bf2 R5c7 38. Bd4 Nf6 39. Re1 Nfd7 40. Bf2 Bf8 41.
Red1 Nc5 42. Nd4 Nxg4 43. fxg4 Nxe4 44. Nf3 Nc3 45. Qe1 d5 46. Bd4 Nxd1 47.
Rxd1 Bxb4 48. Qe5 Kf8 49. Qh8+ Ke7 50. Qxh6 dxc4 51. Qxg5+ Ke8 52. Qg8+ Bf8 53.
Bg7 Ke7 54. Bf6+ Ke8 55. h6 cxb3 56. Qxf8+ Kxf8 57. h7 Rc2+ 58. Kg1 Rh2 59.
Nxh2  1-0

[Event "M.Chigorin Memorial 2017 "]
[Site "?????-?????????"]
[Date "2017.10.29"]
[Round "9"]
[Board "16"]
[White "Kozionov, Kirill"]
[Black "Kokarev, Dmitry"]
[Result "1/2-1/2"]
[WhiteElo "2433"]
[BlackElo "2622"]
[PlyCount "24"]
[EventDate "2017.10.21"]
[EventRounds "9"]
[EventCountry "RUS"]

1. e4 c5 2. Nf3 d6 3. d4 cxd4 4. Nxd4 Nf6 5. Nc3 a6 6. Nb3 Nc6 7. Be3 Ng4 8.
Bd2 Nf6 9. Be3 Ng4 10. Bd2 Nf6 11. Be3 Ng4 12. Bd2 Nf6  1/2-1/2

[Event "M.Chigorin Memorial 2017 "]
[Site "?????-?????????"]
[Date "2017.10.29"]
[Round "9"]
[Board "17"]
[White "Duzhakov, Ilya"]
[Black "Boruchovsky, Avital"]
[Result "0-1"]
[WhiteElo "2423"]
[BlackElo "2565"]
[PlyCount "82"]
[EventDate "2017.10.21"]
[EventRounds "9"]
[EventCountry "RUS"]

1. d4 Nf6 2. c4 e6 3. Nf3 d5 4. g3 Bb4+ 5. Bd2 Bd6 6. Bg2 O-O 7. b3 dxc4 8.
bxc4 c5 9. e3 Nc6 10. O-O a6 11. Bc3 Be7 12. Nbd2 Qc7 13. Qe2 Rd8 14. Rfd1 cxd4
15. exd4 b5 16. Rac1 Bb7 17. Bb2 Qb6 18. Ba1 Rac8 19. a4 bxa4 20. c5 Qb5 21.
Bf1 Qxe2 22. Bxe2 Nd5 23. Rb1 Rb8 24. Rdc1 a5 25. Bd1 a3 26. Rb3 a2 27. Ra3
Ndb4 28. Be2 Bf6 29. Nb3 Ba6 30. Bxa6 Nxa6 31. Kg2 Rb5 32. Rc4 g5 33. h3 h5 34.
g4 hxg4 35. hxg4 Kg7 36. Nc1 Rb4 37. Rc2 Rb1 38. Nb3 Nab4 39. Rc1 Nd3 40. Rc4
Nf4+ 41. Kg3 Rh8  0-1

[Event "M.Chigorin Memorial 2017 "]
[Site "?????-?????????"]
[Date "2017.10.29"]
[Round "9"]
[Board "18"]
[White "Lintchevski, Daniil"]
[Black "Faizrakhmanov, Ramil"]
[Result "1/2-1/2"]
[WhiteElo "2560"]
[BlackElo "2421"]
[PlyCount "91"]
[EventDate "2017.10.21"]
[EventRounds "9"]
[EventCountry "RUS"]

1. c4 Nf6 2. Nc3 e5 3. Nf3 Nc6 4. e3 g6 5. d4 d6 6. dxe5 Nxe5 7. Nxe5 dxe5 8.
Qxd8+ Kxd8 9. b3 c6 10. Bb2 Bd6 11. O-O-O Ke7 12. h3 h5 13. g3 Be6 14. Bg2 Rhd8
15. Rhe1 Bc7 16. Na4 Rxd1+ 17. Rxd1 Nd7 18. Ba3+ Ke8 19. Nc5 Nxc5 20. Bxc5 a5
21. Kb2 f6 22. Kc3 Kf7 23. h4 g5 24. Bf3 g4 25. Be2 f5 26. Bd6 Bxd6 27. Rxd6 a4
28. b4 Ke7 29. Rd2 Rf8 30. f4 gxf3 31. Bxf3 f4 32. gxf4 exf4 33. Re2 fxe3 34.
Rxe3 Rf4 35. Bd5 cxd5 36. cxd5 Rxh4 37. Rxe6+ Kd7 38. b5 Rg4 39. Rb6 Kc7 40.
Rh6 b6 41. Rc6+ Kb7 42. Rh6 Kc7 43. Rxh5 Kd6 44. Rh6+ Kxd5 45. Rh5+ Kd6 46.
Rh6+  1/2-1/2

[Event "M.Chigorin Memorial 2017 "]
[Site "?????-?????????"]
[Date "2017.10.29"]
[Round "9"]
[Board "19"]
[White "Levin, Evgeny A."]
[Black "Sadovsky, Artem"]
[Result "1-0"]
[WhiteElo "2545"]
[BlackElo "2407"]
[PlyCount "113"]
[EventDate "2017.10.21"]
[EventRounds "9"]
[EventCountry "RUS"]

1. d4 g6 2. c4 Bg7 3. Nc3 d6 4. e4 Nf6 5. Nf3 O-O 6. Be2 e5 7. Be3 Nbd7 8. O-O
c6 9. d5 cxd5 10. cxd5 Nc5 11. Nd2 a5 12. a3 a4 13. Bxc5 dxc5 14. Nxa4 b6 15.
Nc3 Ne8 16. Nc4 Ba6 17. Ne3 Nd6 18. Bxa6 Rxa6 19. Qe2 Ra5 20. Nc4 Nxc4 21. Qxc4
Qd7 22. Rad1 f5 23. a4 fxe4 24. b3 Rf4 25. Nxe4 Ra8 26. f3 Kh8 27. Qb5 Qxb5 28.
axb5 Rf7 29. d6 Rd7 30. Ra1 Rb8 31. Ra6 Bf8 32. Rfa1 Kg7 33. Ra7 Rbb7 34. Rxb7
Rxb7 35. Ra8 Rd7 36. Rb8 Bxd6 37. Rxb6 Be7 38. Rc6 Rb7 39. Nc3 Bd8 40. Kf1 Ba5
41. Ne4 Rxb5 42. Rxc5 Rxc5 43. Nxc5 Kf6 44. Ke2 h5 45. Ne4+ Kf5 46. Nd6+ Ke6
47. Nc4 Bc7 48. h3 Kd5 49. Kd3 g5 50. Ne3+ Kc5 51. Ke4 Ba5 52. Nc4 Bc3 53. Nxe5
Kb4 54. Nf7 g4 55. hxg4 hxg4 56. f4 Kxb3 57. Ne5  1-0

[Event "M.Chigorin Memorial 2017 "]
[Site "?????-?????????"]
[Date "2017.10.29"]
[Round "9"]
[Board "20"]
[White "Geller, Jakov"]
[Black "Ofitserian, Boris"]
[Result "0-1"]
[WhiteElo "2526"]
[BlackElo "2402"]
[PlyCount "168"]
[EventDate "2017.10.21"]
[EventRounds "9"]
[EventCountry "RUS"]

1. Nf3 Nf6 2. g3 g6 3. b3 Bg7 4. Bb2 b6 5. Bg2 Bb7 6. O-O c5 7. c4 O-O 8. Nc3
d5 9. Nxd5 Nxd5 10. Bxg7 Kxg7 11. cxd5 Qxd5 12. d4 cxd4 13. Qxd4+ Qxd4 14. Nxd4
Bxg2 15. Kxg2 Rc8 16. Rac1 Na6 17. a3 Nc5 18. b4 Ne4 19. Rc6 Rxc6 20. Nxc6 Kf8
21. Rd1 Ke8 22. Rd3 Nd6 23. Re3 Nf5 24. Re4 e6 25. g4 Nd6 26. Re3 a6 27. g5 Rc8
28. Ne5 Rc2 29. Ng4 Ke7 30. Nf6 Nc4 31. Rd3 Rd2 32. Rc3 b5 33. e4 h5 34. a4 Kd6
35. axb5 axb5 36. Ne8+ Kd7 37. Nf6+ Kc6 38. e5 Rb2 39. Ne8 Kd7 40. Nf6+ Ke7 41.
Rd3 Nxe5 42. Ng8+ Ke8 43. Nf6+ Kf8 44. Rd4 Nc6 45. Rd6 Rc2 46. Kg3 Rc4 47. f3
h4+ 48. Kg2 Ne5 49. Rb6 Rxb4 50. f4 Rxf4 51. Rxb5 Nf3 52. Rb8+ Ke7 53. Rb7+ Kd8
54. Rd7+ Kc8 55. Rxf7 Nxg5 56. Rf8+ Kb7 57. Nd7 Rg4+ 58. Kf1 h3 59. Rf6 Kc7 60.
Ne5 Re4 61. Nxg6 Ra4 62. Rf2 Ra1+ 63. Ke2 Kd6 64. Ke3 Ra4 65. Rd2+ Kc7 66. Rc2+
Kd7 67. Rc4 Ra2 68. Rg4 Nf7 69. Rd4+ Ke8 70. Rd2 Ra4 71. Rd4 Ra2 72. Rd2 Ra5
73. Rb2 Nh6 74. Nf4 Kf7 75. Rb7+ Kf6 76. Rb6 Kf5 77. Nxe6 Ng4+ 78. Ke2 Re5+ 79.
Kf1 Nxh2+ 80. Kf2 Ng4+ 81. Kg3 Re3+ 82. Kh4 h2 83. Nd4+ Kf4 84. Rb1 Nf2  0-1

[Event "M.Chigorin Memorial 2017 "]
[Site "?????-?????????"]
[Date "2017.10.29"]
[Round "9"]
[Board "21"]
[White "Iljiushenok, Ilia"]
[Black "Dai, Changren"]
[Result "1/2-1/2"]
[WhiteElo "2519"]
[BlackElo "2425"]
[PlyCount "82"]
[EventDate "2017.10.21"]
[EventRounds "9"]
[EventCountry "RUS"]

1. e4 e5 2. Nf3 Nc6 3. d4 exd4 4. Nxd4 Nf6 5. Nxc6 bxc6 6. e5 Qe7 7. Qe2 Nd5 8.
c4 Ba6 9. b3 g6 10. g3 Bg7 11. Bb2 O-O 12. Bg2 Rfe8 13. O-O Bxe5 14. Qxe5 Qxe5
15. Bxe5 Rxe5 16. cxd5 Bxf1 17. Kxf1 cxd5 18. Na3 c6 19. Rd1 Rae8 20. Bf3 h5
21. Nc2 a5 22. Rd4 Rb8 23. Ra4 Rb5 24. Ne1 Re8 25. Nd3 Kf8 26. h4 Kg7 27. Rf4
d6 28. Rd4 Kh6 29. Rf4 Kg7 30. Ra4 Kf8 31. Rd4 Kg7 32. Rf4 Re6 33. Ra4 Re8 34.
Kg2 Kh6 35. Ra3 Kg7 36. Kf1 Kh6 37. Be2 f6 38. Bf3 g5 39. Ra4 Kg6 40. Rd4 Rb7
41. Ra4 Rb5  1/2-1/2

[Event "M.Chigorin Memorial 2017 "]
[Site "?????-?????????"]
[Date "2017.10.29"]
[Round "9"]
[Board "22"]
[White "Gogolev, Artem"]
[Black "Burmakin, Vladimir"]
[Result "0-1"]
[WhiteElo "2427"]
[BlackElo "2515"]
[PlyCount "94"]
[EventDate "2017.10.21"]
[EventRounds "9"]
[EventCountry "RUS"]

1. c4 c6 2. Nf3 d5 3. g3 Nf6 4. Bg2 Bf5 5. O-O e6 6. cxd5 exd5 7. d3 Be7 8. Qc2
h6 9. Re1 Na6 10. a3 O-O 11. e4 Bh7 12. e5 Ne8 13. Qd1 d4 14. b4 Nac7 15. Bb2
Ne6 16. Nbd2 a5 17. bxa5 Rxa5 18. a4 N8c7 19. Nc4 Ra7 20. Ba3 Nc5 21. Bxc5 Bxc5
22. Qb3 Qe7 23. Red1 Nd5 24. Re1 Bb4 25. Nd6 Bxd6 26. exd6 Qxd6 27. Nxd4 Nb4
28. Ne6 Rfa8 29. Nf4 b5 30. a5 g5 31. Nh5 Bg6 32. Nf6+ Qxf6 33. Qxb4 Bxd3 34.
a6 Rxa6 35. Rxa6 Rxa6 36. Re8+ Kh7 37. Be4+ Bxe4 38. Qxe4+ Kg7 39. Qb4 Ra2 40.
Qc5 Rd2 41. Rc8 Qf3 42. Qe5+ Kg6 43. Rg8+ Kh5 44. Rxg5+ hxg5 45. Qh8+ Kg6 46.
Qg8+ Kf6 47. Qh8+ Ke7  0-1

[Event "M.Chigorin Memorial 2017 "]
[Site "?????-?????????"]
[Date "2017.10.29"]
[Round "9"]
[Board "23"]
[White "Sindarov, Javokhir"]
[Black "Praggnanandhaa, R"]
[Result "1-0"]
[WhiteElo "2406"]
[BlackElo "2503"]
[PlyCount "101"]
[EventDate "2017.10.21"]
[EventRounds "9"]
[EventCountry "RUS"]

1. e4 e5 2. Nf3 Nc6 3. d4 exd4 4. Nxd4 Nf6 5. Nxc6 bxc6 6. e5 Qe7 7. Qe2 Nd5 8.
c4 Ba6 9. b3 g6 10. f4 d6 11. Qf2 Nf6 12. Ba3 Qe6 13. Be2 dxe5 14. Bxf8 Kxf8
15. O-O exf4 16. Qxf4 Kg7 17. Nc3 Rhe8 18. Rf2 Qd6 19. Qxd6 cxd6 20. Bf3 Rac8
21. Rd2 d5 22. Na4 Rcd8 23. Rad1 Re5 24. Nc5 Bc8 25. Nd3 Re7 26. Nb4 Bb7 27.
cxd5 cxd5 28. Rc2 a5 29. Nd3 d4 30. Bxb7 Rxb7 31. Rc5 Ra7 32. Ne5 h5 33. Nc6
Rc7 34. Rc4 Rd5 35. Nxa5 Rcd7 36. Nc6 d3 37. Rd2 Ng4 38. h3 Ne5 39. Nxe5 Rxe5
40. a4 g5 41. b4 f5 42. Kf2 h4 43. b5 Kg6 44. b6 Kh5 45. Rb4 Ree7 46. a5 g4 47.
a6 g3+ 48. Kf1 Rd8 49. b7 Rc7 50. Rd1 d2 51. b8=Q  1-0

[Event "M.Chigorin Memorial 2017 "]
[Site "?????-?????????"]
[Date "2017.10.29"]
[Round "9"]
[Board "24"]
[White "Chekletsov, Ilya"]
[Black "Vakhidov, Jakhongir"]
[Result "0-1"]
[WhiteElo "2372"]
[BlackElo "2498"]
[PlyCount "150"]
[EventDate "2017.10.21"]
[EventRounds "9"]
[EventCountry "RUS"]

1. d4 d6 2. c4 g6 3. Nc3 Bg7 4. e4 Nf6 5. Nf3 O-O 6. Be2 c5 7. O-O cxd4 8. Nxd4
Nc6 9. Be3 Bd7 10. Qd2 Nxd4 11. Bxd4 Bc6 12. f3 a5 13. b3 Nd7 14. Bf2 Nc5 15.
Rab1 Be5 16. Rfd1 b6 17. Bf1 e6 18. Ne2 Qf6 19. Be3 Qe7 20. Ng3 Rad8 21. Bg5
Bf6 22. Bxf6 Qxf6 23. Qb2 Qg5 24. Qd2 Qe7 25. Qe3 e5 26. Rd2 f5 27. Qe1 fxe4
28. fxe4 Rf4 29. Bd3 Rdf8 30. Qe3 Qg5 31. Re1 h5 32. Rde2 Qf6 33. h3 h4 34. Nh1
Bxe4 35. Bxe4 Rxe4 36. Qxe4 Nxe4 37. Rxe4 a4 38. R4e2 Qf4 39. Rd1 b5 40. cxb5
axb3 41. axb3 Qb4 42. Kh2 Qxb5 43. Red2 e4 44. Rd5 Qb8 45. Re1 Rf5 46. Rd2 d5+
47. Kg1 Qxb3 48. Rde2 Qb6+ 49. Nf2 Kg7 50. Re3 Rf4 51. Nd1 Qc6 52. Nf2 Qc5 53.
Ng4 Qf8 54. R3e2 Qc5+ 55. Nf2 Kf6 56. Re3 Kf5 57. R3e2 Qb6 58. Re3 Qa7 59. R3e2
Kg5 60. Re3 Rf8 61. R3e2 Rxf2 62. Rxf2 e3 63. Rf3 d4 64. Kf1 Qa6+ 65. Kg1 Qa5
66. Kf1 Qd2 67. Rf8 Qd3+ 68. Kg1 Qe4 69. Rf3 e2 70. Kf2 d3 71. Rxd3 Qxd3 72.
Rxe2 Kf4 73. Re1 Qd4+ 74. Kf1 Kg3 75. Re3+ Kh2  0-1

[Event "M.Chigorin Memorial 2017 "]
[Site "?????-?????????"]
[Date "2017.10.29"]
[Round "9"]
[Board "25"]
[White "Lomasov, Semen"]
[Black "Vokhidov, Shamsiddin"]
[Result "1-0"]
[WhiteElo "2490"]
[BlackElo "2399"]
[PlyCount "87"]
[EventDate "2017.10.21"]
[EventRounds "9"]
[EventCountry "RUS"]

1. d4 d5 2. Nf3 Nf6 3. c4 e6 4. g3 Be7 5. Bg2 O-O 6. O-O dxc4 7. Ne5 Nc6 8.
Nxc6 bxc6 9. Na3 Bxa3 10. bxa3 Rb8 11. Qa4 Rb6 12. Qxc4 Ba6 13. Qc2 Qd7 14. Bg5
Nd5 15. Rfe1 h6 16. Bd2 f5 17. Rad1 Rfb8 18. e4 Nf6 19. exf5 exf5 20. Bb4 Nd5
21. Bxd5+ Qxd5 22. Re5 Qf3 23. Rxf5 Qe2 24. Rc5 Qxc2 25. Rxc2 Re8 26. Ba5 Rb5
27. Bxc7 Re6 28. Be5 Rd5 29. Rdc1 Bb5 30. Rb2 Re7 31. f4 a5 32. Kf2 a4 33. g4
Rf7 34. Ke3 g6 35. Ke4 Kh7 36. h4 Rd8 37. Rc5 Rb7 38. d5 Rxd5 39. Rxd5 cxd5+
40. Kxd5 Ba6 41. Rb4 Ra7 42. Kc5 Ra8 43. Rxa4 Rc8+ 44. Kd6  1-0

[Event "M.Chigorin Memorial 2017 "]
[Site "?????-?????????"]
[Date "2017.10.29"]
[Round "9"]
[Board "26"]
[White "Vastrukhin, Oleg"]
[Black "Kharchenko, Boris"]
[Result "1-0"]
[WhiteElo "2386"]
[BlackElo "2477"]
[PlyCount "87"]
[EventDate "2017.10.21"]
[EventRounds "9"]
[EventCountry "RUS"]

1. Nf3 Nf6 2. g3 d5 3. Bg2 c5 4. O-O Nc6 5. d4 e6 6. c4 dxc4 7. Qa4 Bd7 8. Qxc4
Qb6 9. dxc5 Qxc5 10. Nbd2 O-O-O 11. a3 Nd5 12. b4 Qxc4 13. Nxc4 b5 14. Nce5
Nxe5 15. Nxe5 Be8 16. Bb2 f6 17. Rac1+ Kb7 18. Nd3 Kb8 19. Nf4 Nxf4 20. gxf4
Rd2 21. Rfd1 Rxd1+ 22. Rxd1 Be7 23. Bh3 Bc6 24. Bxe6 Rd8 25. Rxd8+ Bxd8 26. Bd4
Be7 27. f3 a5 28. bxa5 Kb7 29. Bb2 Ka6 30. Bb3 Kxa5 31. Bc3+ Kb6 32. Bb4 Bc5+
33. Kg2 Bd7 34. e4 h6 35. f5 Kc6 36. f4 Bxb4 37. axb4 Kd6 38. Kf3 Be8 39. Ke3
Bh5 40. Kd4 Bf3 41. e5+ Kc6 42. Bf7 Bg2 43. Be8+ Kb6 44. e6  1-0

[Event "M.Chigorin Memorial 2017 "]
[Site "?????-?????????"]
[Date "2017.10.29"]
[Round "9"]
[Board "27"]
[White "Lugovskoy, Maxim"]
[Black "Karpenko, Artem"]
[Result "0-1"]
[WhiteElo "2474"]
[BlackElo "2362"]
[PlyCount "114"]
[EventDate "2017.10.21"]
[EventRounds "9"]
[EventCountry "RUS"]

1. e4 e6 2. d4 d5 3. Nc3 Nf6 4. e5 Nfd7 5. f4 c5 6. Nf3 Be7 7. Be3 b6 8. h4 Nc6
9. Qd2 O-O 10. h5 a6 11. g4 b5 12. g5 cxd4 13. Nxd4 Nxd4 14. Bxd4 b4 15. Nd1
Nc5 16. Nf2 Bb7 17. Bxc5 Bxc5 18. Ng4 Qc7 19. Bd3 a5 20. g6 h6 21. O-O-O Ba6
22. f5 Bxd3 23. Qxd3 exf5 24. Qxf5 b3 25. axb3 a4 26. b4 Bxb4 27. Nxh6+ gxh6
28. Rhg1 Be7 29. gxf7+ Kh8 30. Kb1 Rab8 31. Rg7 Rxb2+ 32. Kxb2 Qb6+ 33. Ka2
Kxg7 34. e6 Qe3 35. Rd3 Qg5 36. Qf2 Qe5 37. Re3 Qc7 38. Rg3+ Bg5 39. Qd4+ Kh7
40. Qd3+ Kh8 41. Qd4+ Kh7 42. Rc3 Qd6 43. Qd3+ Kh8 44. Qf5 d4 45. Rf3 Qc7 46.
Qd3 Qe5 47. Qc4 d3 48. Rxd3 Bf6 49. Rc3 Kg7 50. Qg4+ Kh8 51. Qc4 Rb8 52. Qc6
Kh7 53. Qc4 Qe1 54. f8=N+ Rxf8 55. Qd3+ Kh8 56. Qe3 Qxc3 57. Qxh6+ Kg8  0-1

[Event "M.Chigorin Memorial 2017 "]
[Site "?????-?????????"]
[Date "2017.10.29"]
[Round "9"]
[Board "28"]
[White "Solozhenkin, Evgeniy"]
[Black "Soumya, Swaminathan"]
[Result "1/2-1/2"]
[WhiteElo "2459"]
[BlackElo "2320"]
[PlyCount "111"]
[EventDate "2017.10.21"]
[EventRounds "9"]
[EventCountry "RUS"]

1. e4 c5 2. Nf3 Nc6 3. Bb5 g6 4. Bxc6 bxc6 5. O-O Bg7 6. Re1 Nh6 7. c3 O-O 8.
d4 Qb6 9. h3 d6 10. b3 cxd4 11. cxd4 c5 12. Be3 cxd4 13. Nxd4 Qa5 14. Nd2 f5
15. Nc4 Qc7 16. Bxh6 Bxh6 17. exf5 Bxf5 18. Qe2 Qc5 19. Rad1 Bg5 20. Ne6 Bxe6
21. Qxe6+ Kh8 22. Re2 Qf5 23. g3 Rac8 24. Qxf5 Rxf5 25. h4 Bf6 26. g4 Rf4 27.
g5 Rg4+ 28. Kf1 Rxh4 29. Rd5 Rh5 30. gxf6 Rxd5 31. fxe7 Re8 32. Re6 Kg7 33.
Nxd6 Rxd6 34. Rxd6 Rxe7 35. Ra6 Kf7 36. b4 Ke8 37. b5 Kd8 38. a4 Kc8 39. Kg2
Kb7 40. Rf6 Kb8 41. Kg3 Re4 42. a5 Re5 43. Rf8+ Kc7 44. b6+ axb6 45. Rf7+ Kc6
46. Rf6+ Kb7 47. axb6 Rb5 48. Rf7+ Kxb6 49. Rxh7 Rg5+ 50. Kf4 Rf5+ 51. Ke3 Re5+
52. Kd4 Rf5 53. Rh2 Kc6 54. Rg2 Kd7 55. Ke3 g5 56. Ke4  1/2-1/2

[Event "M.Chigorin Memorial 2017 "]
[Site "?????-?????????"]
[Date "2017.10.29"]
[Round "9"]
[Board "29"]
[White "Li, Yankai"]
[Black "Smirnov, Timofey"]
[Result "1/2-1/2"]
[WhiteElo "2455"]
[BlackElo "2294"]
[PlyCount "58"]
[EventDate "2017.10.21"]
[EventRounds "9"]
[EventCountry "RUS"]

1. d4 d5 2. c4 c6 3. cxd5 cxd5 4. Nc3 Nf6 5. Bf4 Nc6 6. Nf3 Bf5 7. e3 e6 8. Bd3
Bxd3 9. Qxd3 Bd6 10. Bxd6 Qxd6 11. O-O O-O 12. Rfc1 Rfc8 13. h3 h6 14. a3 Nd7
15. Rc2 a6 16. Rac1 Ne7 17. Ne2 Rxc2 18. Rxc2 Rc8 19. Rxc8+ Nxc8 20. Qc3 Ne7
21. Ne1 Qc6 22. Qxc6 Nxc6 23. Nc3 Na5 24. Nd3 Nc4 25. Kf1 Na5 26. Ne1 Nc4 27.
Nd3 Na5 28. Ne1 Nc4 29. Nd3 Na5  1/2-1/2